MARC details
| 000 -LEADER |
| fixed length control field |
01320cam a2200337 i 4500 |
| 001 - CONTROL NUMBER |
| control field |
BK0009712369 |
| 003 - CONTROL NUMBER IDENTIFIER |
| control field |
OSt |
| 005 - DATE AND TIME OF LATEST TRANSACTION |
| control field |
20251205015458.0 |
| 008 - FIXED-LENGTH DATA ELEMENTS--GENERAL INFORMATION |
| fixed length control field |
111018r20112009nyu 000 1 eng d |
| 010 ## - LIBRARY OF CONGRESS CONTROL NUMBER |
| LC control number |
bl2011029993 |
| 020 ## - INTERNATIONAL STANDARD BOOK NUMBER |
| International Standard Book Number |
1439159416 : PAP |
| Terms of availability |
$5.99 |
| 037 ## - SOURCE OF ACQUISITION |
| Source of stock number/acquisition |
Pocket Books, C/O Simon & Schuster Mass Market 1230 Ave of the Americas 9th Fl, New York, NY, USA, 10020 |
| Note |
SAN 200-2442 |
| 040 ## - CATALOGING SOURCE |
| Original cataloging agency |
NjBwBT |
| Transcribing agency |
NjBwBT |
| Modifying agency |
TLC |
| Description conventions |
rda |
| 100 1# - MAIN ENTRY--PERSONAL NAME |
| Personal name |
Pearlman, Ann, |
| Relator term |
author. |
| Authority record control number |
(DLC)no 00084265. |
| 245 14 - TITLE STATEMENT |
| Title |
The Christmas cookie club / |
| Statement of responsibility, etc. |
Ann Pearlman. |
| 250 ## - EDITION STATEMENT |
| Edition statement |
First Pocket Books paperback edition. |
| 264 #1 - PRODUCTION, PUBLICATION, DISTRIBUTION, MANUFACTURE, AND COPYRIGHT NOTICE |
| Place of production, publication, distribution, manufacture |
New York : |
| Name of producer, publisher, distributor, manufacturer |
Pocket Books, |
| Date of production, publication, distribution, manufacture, or copyright notice |
2011. |
| 264 #4 - PRODUCTION, PUBLICATION, DISTRIBUTION, MANUFACTURE, AND COPYRIGHT NOTICE |
| Date of production, publication, distribution, manufacture, or copyright notice |
℗♭2009. |
| 300 ## - PHYSICAL DESCRIPTION |
| Extent |
340 pages ; |
| Dimensions |
18 cm. |
| 336 ## - CONTENT TYPE |
| Content type term |
text |
| Content type code |
txt |
| Source |
rdacontent. |
| 337 ## - MEDIA TYPE |
| Media type term |
unmediated |
| Media type code |
n |
| Source |
rdamedia. |
| 338 ## - CARRIER TYPE |
| Carrier type term |
volume |
| Carrier type code |
nc |
| Source |
rdacarrier. |
| 380 ## - FORM OF WORK |
| Form of work |
Book |
| Source of term |
tlcgt. |
| 380 ## - FORM OF WORK |
| Form of work |
Fiction |
| Source of term |
marcgt. |
| 385 ## - AUDIENCE CHARACTERISTICS |
| Audience term |
General |
| Source |
tlctarget. |
| 500 ## - GENERAL NOTE |
| General note |
Originally published: New York : Atria Books, 2009. |
| 520 ## - SUMMARY, ETC. |
| Summary, etc. |
On a snowy December night, twelve women meet for a cookie exchange, where they tell stories of the cookies they baked, tales that are emblematic of the year that has just passed. |
| 650 #0 - SUBJECT ADDED ENTRY--TOPICAL TERM |
| Topical term or geographic name as entry element |
Female friendship |
| Form subdivision |
Fiction. |
| Authority record control number |
(DLC)sh2008103512. |
| 655 #7 - INDEX TERM--GENRE/FORM |
| Genre/form data or focus term |
Christmas fiction. |
| Source of term |
tlcgt. |
| 942 ## - ADDED ENTRY ELEMENTS (KOHA) |
| Source of classification or shelving scheme |
Dewey Decimal Classification |
| Koha item type |
Libro/Book |